000 00455nam a2200157 i 4500
001 97996
003 ES-MaACL
005 20230906182210.0
007 t|
008 050721s1972 pr |||| | spa d
100 1 _aMárquez y de la Cerra, Miguel F.
_977040
245 1 3 _aEl gallo cantó /
_cMiguel F. Márquez y de la Cerra.
260 _aRío Piedras (Puerto Rico) :
_bEd. San Juan,
_c1972.
300 _a190 p. ;
_c20 cm.
852 _aES-MaACL
_jC-49588
999 _c97996
_d97996